00359nam a2200121Ia 4500008004100000245009800041260001700139260000900156300000800165650002300173650001200196856002900208170516s9999 xx 000 0 und d aCXCR4 Chemokine Receptor Overview: Biology, Pathology and Applications in Imaging and Therapy bTheranostics c2013 a3:1 xMedical Technology xMedtech uhttp://www.thno.org/v3i1